Statistics for Complete the Country Names

Click here to take the quiz!

General Stats

  • This quiz has been taken 74 times
    (50 since last reset)
  • The average score is 12 of 18

Answer Stats

HintAnswer% Correct
M_ X _C_Mexico
100%
_ND_ _India
95%
P_ _UPeru
93%
B_ A_ILBrazil
90%
L_B_ALibya
90%
_HI _ AChina
88%
E_ _IO_ _AEthiopia
88%
N_M_B_ _Namibia
85%
C_ _ DChad
80%
S_N_AP_ _ESingapore
75%
M_ _A _ OMonaco
73%
_ _W Z_ A_AN_New Zealand
53%
_L_ _AK_ _Slovakia
53%
_A_ ANJapan
48%
_H_ _ANBhutan
43%
_N_ _ E_ _T_T_SUnited States
30%
_ _ _EM_OU_ _Luxembourg
23%
_ _S_ _ ARussia
23%

Score Distribution

Percentile by Number Answered

Percent of People with Each Score

Your Score History

You have not taken this quiz since the last reset